| 000 | 01422 a2200253 4500 | ||
|---|---|---|---|
| 001 | 22377 | ||
| 005 | 20260407155514.0 | ||
| 008 | 260407a1992 arg spa d | ||
| 003 | AR-UNSa-BCEJYS | ||
| 040 |
_aAR-UNSa-BCEJYS _bspa _cAR-UNSa-BCEJYS |
||
| 080 |
_a330.101.542 _xMicroeconomía |
||
| 245 | 1 | 0 | _aMicroeconomia, teoría y aplicaciones |
| 020 | _a978-968-880-353-0 | ||
| 250 | _a5a.ed | ||
| 264 | 1 |
_aMéxico : _bPrentice-Hall Hispanoamericana _c1992 |
|
| 300 |
_axii, 610 p. _c25 cm. |
||
| 505 | _a1. La naturaleza y el alcance de la economía - 2. Herramientas de trabajo - 3. Utilidad y preferencia - 4. Consumo y demanda - 5. Aplicaciones y extensiones de la teoría de la demanda - 6. La empresa de negocios - 7. Equilibrio en el mercado de productos de la empresa competitiva - 8. El monopolio - 9. La variedad y la calidad del producto - 10. El oligopolio y el comportamiento estratégico - 11. Demanda por los factores de producción - 12. La oferta de recursos y el equilibrio del mercado de factores - 13. El cambio, los costos de la transacción y el dinero - 14. La economía del tiempo - 15. La economía del bienestar: la teoría de la política económica - 16. Economía política | ||
| 942 | _cBK | ||
| 590 | _aniveau_biblio:m niveau_hierar:0 | ||
| 100 | 1 | _aHirshleifer, Jack | |
| 700 | 1 | _aGlazer, Amihai | |
| 700 | 1 | _aMascaró Sacristán, Pilar | |
| 700 | 1 | _aRodas Carpizo, Alejandro Roberto | |
| 999 |
_c994 _d994 |
||